MARC

LEADER 00000nam0a2200000 4500
001 155956
005 20231031152841.0
020 |a RU  |b 81-45829 
035 |a (RuTPU)RU\TPU\book\169145 
090 |a 155956 
100 |a 20090320d1981 m y0rusy5003 ca 
101 0 |a rus 
102 |a RU 
105 |a y z 000ay 
200 1 |a Русские волшебные сказки Сибири  |e сборник  |f Академия наук СССР (АН СССР), Сибирское отделение (СО), Бурятский филиал (БФ), Бурятский институт общественных наук ; сост., авт. предисл. и коммент. Р. П. Матвеева 
210 |a Новосибирск  |c Наука  |c Сиб. отд-ние  |d 1981 
215 |a 333 с.  |d 20 см. 
610 1 |a Сказки народов Сибири 
675 |a 811  |z rus 
702 1 |a Матвеева  |b Р. П.  |g Руфина Прокопьевна  |4 220 
712 0 2 |a Академия наук СССР (АН СССР)  |b Сибирское отделение (СО)  |b Бурятский институт общественных наук  |2 stltpush  |3 (RuTPU)RU\TPU\col\12900 
801 0 |a RU  |b RuMRKP  |c 19950704  |g psbo 
801 1 |a RU  |b 63413507  |c 20090320  |g PSBO 
801 2 |a RU  |b 63413507  |c 20090812  |g PSBO 
942 |c BK